| 000 | 01248cam a2200301 a 4500 | ||
|---|---|---|---|
| 001 | 2068490 | ||
| 003 | OSt | ||
| 005 | 20240419140011.0 | ||
| 008 | 940506s1995 enka b 001 0 eng | ||
| 010 | _a 94016809 | ||
| 020 | _a052146501X (hardback) | ||
| 040 |
_aDLC _cDDC _dDLC |
||
| 050 | 0 | 0 | _bA93 1995 |
| 082 | 0 | 0 | _a512.55 AZC 1995 |
| 100 | 1 |
_aAzcárraga, J. A. de; Izquierdo, José M. _915904 |
|
| 245 | 1 | 0 | _aLie groups, Lie Algebras, Cohomology, and some Applications in Physics |
| 260 |
_aCambridge; _bCambridge University Press, _c1995. |
||
| 300 |
_axvii, 455 p. : _bill. ; _c26 cm. |
||
| 440 | 0 |
_aCambridge monographs on mathematical physics _913328 |
|
| 504 | _aIncludes bibliographical references (p. 429-443) and index. | ||
| 650 | 0 |
_aAlgebras mathematics _915906 |
|
| 650 | 0 |
_aPhysics _9809 |
|
| 856 | 4 | 2 |
_3Publisher description _uhttp://www.loc.gov/catdir/description/cam026/94016809.html |
| 856 | 4 | 1 |
_3Table of contents _uhttp://www.loc.gov/catdir/toc/cam022/94016809.html |
| 906 |
_a7 _bcbc _corignew _d1 _eocip _f19 _gy-gencatlg |
||
| 942 |
_2ddc _cO_SHELF |
||
| 999 |
_c7815 _d7815 |
||